logo

Bir Sreshtho Munshi Abdur Rouf Library
Jhenaidah Cadet College

বিজ্ঞান এনাসাইক্লোপিডিয়া / (Record no. 12251)

MARC details
000 -LEADER
fixed length control field 00755nam a2200229 a 4500
001 - CONTROL NUMBER
JCCL Control Number 12251
003 - CONTROL NUMBER IDENTIFIER
JCCL marc code BD-JhCC
005 - DATE AND TIME OF LATEST TRANSACTION
control field 20220512134022.0
008 - FIXED-LENGTH DATA ELEMENTS--GENERAL INFORMATION
fixed length control field 210901b2020 bg a|||| ||a| 000 0 Ben d
020 ## - INTERNATIONAL STANDARD BOOK NUMBER
International Standard Book Number 9847014500821
035 ## - SYSTEM CONTROL NUMBER
system control number (BD-JhCC)12251
040 ## - CATALOGING SOURCE
Original cataloging agency BD-JhCC
Modifying agency BD-JhCC
041 ## - LANGUAGE CODE
Language code of Book bengali
082 ## - DEWEY DECIMAL CLASSIFICATION NUMBER
Classification number 503
Author mark and Year ODI 2020
100 ## - MAIN ENTRY--PERSONAL NAME
Personal name অদ্বিতী, হাফেজা হক
245 ## - TITLE STATEMENT
Title বিজ্ঞান এনাসাইক্লোপিডিয়া /
Statement of responsibility, etc হাফেজা হক অদ্বিতী।
260 ## - PUBLICATION, DISTRIBUTION, ETC. (IMPRINT)
Place of publication, distribution, etc ঢাকা:
Name of publisher, distributor, etc দি স্কাই পাবলিশার্স;
Date of publication, distribution, etc ২০২০.
300 ## - PHYSICAL DESCRIPTION
Pagination 320 p. :
Other physical details ill;
Dimensions 22 cm.
650 ## - SUBJECT ADDED ENTRY--TOPICAL TERM
Topical term or geographic name as entry element science Encyclopedia
942 ## - ADDED ENTRY ELEMENTS (KOHA)
Source of classification or shelving scheme Dewey Decimal Classification
Koha item type Books
Koha issues (borrowed), all copies 1
Holdings
Source of classification or shelving scheme Damaged status Not for loan Home library Current library Shelving location Date of accession Cost, normal purchase price Total Checkouts Full call number Barcode Date last seen Date checked out Copy number Koha item type
Dewey Decimal Classification     JCC Rouf Library JCC Rouf Library General Stacks 09/01/2021 383.00 3 503 ODI 2020 16793 12/14/2023 11/29/2023 C-1 Books

JCC Library | Contacts | JCC Home

Last Update on 23 September 2017
Copyright @ 2017-2020 JCC Rouf Library
Rouf Library, Jhenidah Cadet College (JCC), Bangladesh